| 000 | 01733nam a2200469 i 4500 | ||
|---|---|---|---|
| 001 | 31411 | ||
| 003 | KOSZ 005 | ||
| 005 | 20220826145610.0 | ||
| 008 | 970510s1992 pl |000 0 pol | ||
| 015 | _aUWD 1994/3965 | ||
| 035 | _a991000474859705066 | ||
| 035 | _a(PL-WaBN)b10169489-48omnis_nlop | ||
| 035 | _ab10169489 | ||
| 035 | _a(OCoLC)830053166 | ||
| 035 | _a(PL)b0000001016948 | ||
| 035 | _a(EXLNZ-48OMNIS_NETWORK)9910083219905606 | ||
| 040 |
_aWA N _cWA N _dWA N _dKOSZ 005/HR |
||
| 041 | 0 |
_apol _aeng |
|
| 046 | _k1992 | ||
| 080 | _a502.6(438) | ||
| 080 | _a55(438) | ||
| 245 | 0 | 0 |
_aWaloryzacja przyrody nieożywionej obszarów i obiektów chronionych w Polsce = _bEvaluation of inanimate nature of protected areas and objects in Poland : (z mapą 1 : 750 000 i 9 zał.) = (with map 1 :750 000 and 9 app.) / _cZofia Alexandrowicz [et al.] ; Państwowy Instytut Geologiczny. |
| 260 |
_aWarszawa : _bPIG, _c1992. |
||
| 300 |
_a140 s., [1] k. mapa złoż. luz. ; _c24 cm. |
||
| 336 |
_aTekst _btxt _2rdacontent |
||
| 337 |
_aBez urządzenia pośredniczącego _bn _2rdamedia |
||
| 338 |
_aWolumin _bnc _2rdacarrier |
||
| 380 | _aKsiążki | ||
| 388 | _a1901-2000 | ||
| 388 | _a1989-2000 | ||
| 504 | _aBibliogr. s. 36-37. | ||
| 650 | 7 |
_aDokumentacja _2DBN |
|
| 650 | 7 |
_aPomniki przyrody _2DBN |
|
| 651 | 7 |
_aPolska _2DBN |
|
| 655 | 7 | _aPraca zbiorowa | |
| 658 | _aOchrona środowiska | ||
| 700 | 1 |
_aAlexandrowicz, Zofia _eAutor |
|
| 856 |
_uhttp://koha.tu.koszalin.pl/cgi-bin/koha/opac-detail.pl?biblionumber=31411 _yKatalog online BPK |
||
| 942 |
_2UKD _cKS |
||
| 999 |
_c31411 _d31411 |
||